| 000 | 01630nam a2200313 4500 | ||
|---|---|---|---|
| 003 | EC-UNACH | ||
| 005 | 20251017102809.0 | ||
| 006 | s||||gr|||| 00| 00 | ||
| 008 | 150116t9999 mx r gr 000 0 spa d | ||
| 020 | _aS/N | ||
| 040 |
_aEC-UNACH _cEC-UNACH |
||
| 041 | _aspa | ||
| 082 | 0 | 4 |
_223 _a628.445.64 _b L001949 |
| 110 | _aOPS. Centro Panamericano de Ingeniería Sanitaria y Ciencias del Ambiente | ||
| 245 | _aGuía para el diseño, construcción y operación de rellenos sanitarios manuales : Una solución para la disposición final de residuos solidos municipales en pequeñas poblaciones | ||
| 250 | _aReimpresión | ||
| 264 |
_aLima - Perú _bOPS. Centro Panamericano de Ingeniería Sanitaria y Ciencias del Ambiente _c2007 |
||
| 300 |
_a287 páginas _bCuadros, Figuras |
||
| 505 | _aContenido. -- Presentación. -- 1. Generalidades. -- 2. Gestión integral de los residuos sólidos municipales. -- 3. El relleno sanitario. -- 4. Y el relleno sanitario manual. -- 5. Diseño de un relleno sanitario manual. -- 6. Preparación del terreno y construcción de la infraestructura. -- 7. Construcción, operación y mantenimiento. -- 8. Clausura del botadero municipal. -- 9. Administración y control. -- Glosario. -- Apéndices. -- Lista de figuras. -- Lista de cuadros. | ||
| 650 | _aRESIDUOS EN LA FUENTE | ||
| 650 | _aRECICLAJE | ||
| 650 | _aRELLENO SANITARIO | ||
| 700 | _aJaramillo, Jorge | ||
| 710 | _aOrganización Panamericana de la Salud | ||
| 942 |
_c1 _2ddc |
||
| 999 | _c14026 | ||